Statistics for Thinnest countries in the world as per BMI average

Click here to take the quiz!

General Stats

  • This quiz has been taken 72 times
  • The average score is 5 of 10

Answer Stats

BMIAnswer% Correct
20.6Ethiopia
72%
21.7Niger
62%
21.6Vietnam
62%
20.5Eritrea
53%
21.0Bangladesh
48%
21.8North Korea
47%
20.9Burundi
37%
21.6Afghanistan
32%
21.2East Timor
23%
21.1Madagascar
22%

Score Distribution

Percentile by Number Answered

Percent of People with Each Score

Your Score History

You have not taken this quiz